Statistics for Evanescence Going Under Lyrics

Click here to take the quiz!

General Stats

  • This quiz has been taken 166 times
  • The average score is 81 of 116

Answer Stats

Answer% Correct
(going
99%
going
99%
under
99%
under)
99%
I
98%
for
92%
you
92%
you)
92%
I'm
91%
And
87%
and
87%
I've
86%
Now
86%
done
83%
me
82%
tell
82%
to
82%
tears
81%
what
81%
cried
80%
my
79%
thousand
79%
Will
78%
Fifty
77%
the
77%
won't
76%
in
74%
hear
73%
still
73%
myself
71%
bleeding
70%
Don't
70%
don't
70%
falling
70%
(falling
70%
forever
70%
forever)
70%
got
69%
break
67%
I'll
67%
save
66%
(drowning
65%
Drowning
65%
screaming
65%
this
64%
through
64%
time
63%
again
62%
can't
60%
deceiving
60%
up
60%
wake
60%
maybe
59%
when
59%
your
59%
once
57%
bottom
56%
thought
54%
by
53%
Not
52%
not
52%
Just
51%
hand
50%
So
50%
dying
49%
want
46%
reached
45%
I'd
44%
know
44%
anymore
43%
head
43%
lies
43%
truth
43%
defeated
42%
trust
42%
thoughts
41%
real
40%
daily
39%
what's
38%
always
37%
confusing
37%
tormented
37%
blurring
36%
stirring
32%

Score Distribution

Percentile by Number Answered

Percent of People with Each Score

Your Score History

You have not taken this quiz